书目信息 |
| 题名: |
农村架空输配电线路的运行和维修
|
|
| 作者: | ;水利电力部图书编辑室 编辑 | |
| 分册: | ||
| 出版信息: | 北京 中国工业出版社 1964 |
|
| 页数: | 239页 | |
| 开本: | 20cm | |
| 丛书名: | ||
| 单 册: | ||
| 中图分类: | TM7 | |
| 科图分类: | ||
| 主题词: | 输电--电力工程 , 配电系统--电力工程 , 电力系统 | |
| 电子资源: | ||
| ISBN: | ||
| 000 | 00754nam0 2200229 450 | |
| 001 | 0653570531 | |
| 005 | 20060418145711.15 | |
| 010 | @dCNY0.60 | |
| 100 | @a20060418d1964 km y0chiy0120 ea | |
| 101 | 0 | @achi |
| 102 | @aCN@b110000 | |
| 200 | 1 | @a农村架空输配电线路的运行和维修@Anong cun jia kong shu pei dian xian lu de yun xing he wei xiu@f水利电力部图书编辑室编辑@Fshui li dian li bu tu shu bian ji shi bian ji |
| 210 | @a北京@c中国工业出版社@d1964 | |
| 215 | @a239页@d20cm | |
| 300 | @a农村机电工人培训教材 | |
| 606 | 0 | @a输电@x电力工程 |
| 606 | 0 | @a配电系统@x电力工程 |
| 606 | 0 | @a电力系统 |
| 690 | @aTM7@v3 | |
| 711 | 0 | @a水利电力部图书编辑室@Ashui li dian li bu tu shu bian ji shi@4编辑 |
| 801 | 0 | @aCN@bPFT@c20060418 |
| 905 | @a10447@dTM7@e2 | |
| 农村架空输配电线路的运行和维修/水利电力部图书编辑室编辑.-北京:中国工业出版社,1964 |
| 239页;20cm |
| 农村机电工人培训教材 |
| ISBN :CNY0.60 |
| ● |
| 相关链接 |
|
|
|
|
正题名:农村架空输配电线路的运行和维修
索取号:TM7/2
 
预约/预借
| 序号 | 登录号 | 条形码 | 馆藏地/架位号 | 状态 | 备注 |
| 1 | 0010137 | 202248255 | 密集书库/ [索取号:TM7/2] | 在馆 |